Total relationship marketing : from the 4Ps-product, price, promotion, place-of traditional marketing management to the 30Rs-the thirty relationships - of the new marketing paradigm /

সংরক্ষণ করুন:
গ্রন্থ-পঞ্জীর বিবরন
প্রধান লেখক: Gummesson, Evert, 1936-
বিন্যাস: গ্রন্থ
ভাষা:English
প্রকাশিত: Boston, Mass. : Butterworth-Heinemann, 1999.
বিষয়গুলি:
ট্যাগগুলো: ট্যাগ যুক্ত করুন
কোনো ট্যাগ নেই, প্রথমজন হিসাবে ট্যাগ করুন!
Thư viện lưu trữ: Mạng thư viện Đại học Đà Nẵng
LEADER 00960cam a2200313 i 4500
001 000046385
003 5848
005 20030331154541.0
008 010220|1999 vm 000 eng
020 |a 075064463X (pbk.) 
040 |a IRC  |c IRC  |d IRC 
041 0 |a eng 
082 1 4 |a 658.812  |b GU-E 
100 1 |a Gummesson, Evert,  |d 1936- 
245 0 0 |a Total relationship marketing :  |b from the 4Ps-product, price, promotion, place-of traditional marketing management to the 30Rs-the thirty relationships - of the new marketing paradigm /  |c Evert Gummesson, 1936- 
260 |a Boston, Mass. :  |b Butterworth-Heinemann,  |c 1999. 
300 |a xiii, 281p. :  |b ill. 
630 0 4 |a Marketing. 
650 0 4 |a Relationship marketing. 
OWN |a DUT 
999 |a From the UDN01 
TYP |a Monograph 
TYP |a Printed language 
980 |a Mạng thư viện Đại học Đà Nẵng